|
|
|
|
| LEADER |
02046nam a2200493 a 4500 |
| 001 |
nkc20122343705 |
| 003 |
CZ PrNK |
| 005 |
20120411080547.0 |
| 007 |
ta |
| 008 |
120222s2011 xr a e f 000 0 cze |
| 015 |
|
|
|a cnb002343705
|
| 020 |
|
|
|a 978-80-210-5621-3
|q (brož.)
|
| 035 |
|
|
|a (OCoLC)794208001
|
| 040 |
|
|
|a ABA001
|b cze
|d OLA001
|
| 072 |
|
7 |
|a 796
|x Sport. Hry. Tělesná cvičení
|2 Konspekt
|9 20
|
| 080 |
|
|
|a 796.012.6:37.016
|2 MRF
|
| 080 |
|
|
|a 614.8.084
|2 MRF
|
| 080 |
|
|
|a 796.012.45
|2 MRF
|
| 080 |
|
|
|a (072)
|2 MRF
|
| 100 |
1 |
|
|a Večeřová, Věra,
|d 1955-
|7 xx0093731
|4 aut
|
| 245 |
1 |
0 |
|a Prevence zranění v míčových hrách - využití moderního náčiní :
|b textová opora ke kurzu /
|c Věra Večeřová a kolektiv
|
| 250 |
|
|
|a 1. vyd.
|
| 260 |
|
|
|a Brno :
|b Masarykova univerzita,
|c 2011
|
| 300 |
|
|
|a 19 s. :
|b il. ;
|c 21 cm +
|e 1 DVD
|
| 500 |
|
|
|a Nad názvem: Masarykova univerzita, Fakulta sportovních studií
|
| 500 |
|
|
|a 60 výt.
|
| 504 |
|
|
|a Obsahuje bibliografické odkazy
|
| 650 |
0 |
7 |
|a tělesná výchova
|7 ph116513
|2 czenas
|
| 650 |
0 |
7 |
|a úrazová prevence
|7 ph134995
|2 czenas
|
| 650 |
0 |
7 |
|a balanční cvičení
|7 ph692892
|2 czenas
|
| 650 |
0 |
9 |
|a physical education and training
|2 eczenas
|
| 650 |
0 |
9 |
|a accident prevention
|2 eczenas
|
| 650 |
0 |
9 |
|a balance excercises
|2 eczenas
|
| 655 |
|
7 |
|a metodické příručky
|7 fd132826
|2 czenas
|
| 655 |
|
9 |
|a methodological manuals
|2 eczenas
|
| 710 |
2 |
|
|a Masarykova univerzita.
|b Fakulta sportovních studií
|7 mzk2003198592
|
| 910 |
2 |
|
|a BOA001
|b 2-1283.152
|
| 990 |
|
|
|a BK
|
| 995 |
|
|
|a 01
|
| 991 |
|
|
|b 201204
|c NOV
|e n
|
| 996 |
6 |
|
|b 2610506080
|c 2-1283.152
|l MZK
|r Sklad / do 1 hodiny
|n 0
|p p.v.
|w 001236118
|u 000010
|a 1
|e BOA001
|j MZK50
|s P
|
| 996 |
7 |
|
|b 2610506081
|c 2-1283.152
|l MZK
|r Sklad / do 1 hodiny
|n 1
|p p.v.
|w 001236118
|u 000020
|a 1
|e BOA001
|j MZK50
|s A
|
| 996 |
7 |
|
|b 2610506082
|c 2-1283.152
|l MZK
|r Sklad / do 1 hodiny
|n 0
|p dar
|w 001236118
|u 000030
|a 1
|e BOA001
|j MZK50
|s A
|
| 996 |
7 |
|
|b 2610506083
|c 2-1283.152
|l MZK
|r Sklad / do 1 hodiny
|n 0
|p dar
|w 001236118
|u 000040
|a 1
|e BOA001
|j MZK50
|s A
|